000 01324nam a22002177a 4500
999 _c20317
_d20317
003 AR-CdUCM
008 190528b ||||| |||| 00| 0 spa d
040 _aMUNICIPALIDAD PROVINCIAL DEL CUSCO
_cBIBLIOTECA MUNICIPAL DEL CUSCO
041 _heng
082 _a530.72 /
_bS83
100 _aStrong, John
_942476
245 _aTécnicas de física experimental /
260 _aBuenos Aires :
_bEudeba,
_cEudeba,
300 _a2 tomos ;
_bIlustraciones,
_c23 cm.
505 _aContenido: t.1: Operaciones fundamentales para el soplado de vidrio -- Técnica para el taller de óptica -- La técnica del alto vacío -- Revestimiento de superficies: evaporación y proyección catódica -- El uso del cuarzo fundido -- Electrómetros y electroscopio -- Contadores Geiger -- t.2: Pilas termoeléctricas en vacío y medición de la enregía radiante -- Optica: fuentes luminosas, filtros e instrumentos ópticos -- Células fotoeléctricas y amplificadores -- La fotografía en el laboratorio -- Calor y alta temperatura -- Notas acerca de materiales de investigación -- Notas dobre construcción y diseño de instrumentos y aparatos -- Modelos y fundición.
650 _aFísica
_92382
650 _aManuales de laboratorio
_922558
700 _aNeher, Henry Victor
_942477
942 _2ddc
_cLIBROS
945 _adavv
_d2019-05-28